Statistics for France Immigration By Country - Extreme

Click here to take the quiz!

General Stats

  • This quiz has been taken 132 times
  • The average score is 44 of 59

Answer Stats

TotalCountry% Correct
144,980United Kingdom
99%
884,330Morocco
98%
81,200Poland
98%
987,100Algeria
96%
108,510China
95%
602,560Portugal
94%
85,340Russia
94%
243,250Spain
94%
172,500Brazil
93%
316,500Tunisia
93%
38,350United States
93%
119,390Belgium
91%
99,120Germany
91%
137,930Romania
91%
69,780India
90%
250,000Italy
90%
71,570Ukraine
90%
26,990Canada
89%
92,130Serbia
89%
34,570Egypt
88%
96,400Mali
86%
35,600Netherlands
86%
59,000Switzerland
86%
126,250Senegal
85%
287,810Turkey
85%
104,450DR Congo
84%
30,150Pakistan
83%
77,790Syria
83%
78,200Vietnam
83%
30,800Bulgaria
81%
76,110Congo
81%
37,000Iraq
80%
33,250Albania
79%
82,990Argentina
79%
41,500Lebanon
79%
73,470Bosnia and Herzegovina
78%
47,850Croatia
78%
122,160Ivory Coast
76%
61,560Guinea
74%
21,680Hungary
74%
30,280Iran
74%
98,880Cameroon
73%
34,700Colombia
69%
25,010Chile
66%
98,200Haiti
65%
27,670Togo
56%
36,560Afghanistan
54%
51,100Cambodia
54%
33,900Moldova
54%
35,120Venezuela
54%
88,670Madagascar
50%
26,560Lithuania
46%
34,500Armenia
44%
24,320South Africa
41%
50,340Sri Lanka
34%
141,000Comoros
25%
37,110Mauritius
25%
31,450Suriname
23%
29,980Cape Verde
21%

Score Distribution

Percentile by Number Answered

Percent of People with Each Score

Your Score History

You have not taken this quiz